000 00538nam a22001577a 4500
999 _c534706
_d534706
020 _qHard Cover.
082 _a629.04
100 _aMuhammd Faisal Habib.
245 _aTraffic Impact Analysis of New Islamabad International Airport
_cMuhammd Faisal Habib.
260 _aIslamabad :
_bNIT - NUST,
_c2016.
300 _axvi, 179 p. ill. ;
_c30cm.
942 _2ddc
_cTHE
650 _aTransportation Engineering - MS Thesis.
_916276
700 _aDr. Muhammad Bilal Khurshid.
_916538